|
|
|
|
| LEADER |
00000nab a2200000 a 4500 |
| 001 |
vtls000599164 |
| 003 |
SK-MaSNL |
| 005 |
20260303190909.0 |
| 008 |
160202c1996 xo 0 slo |
| 015 |
|
|
|a SNBRB19rr/mm-uuuuu
|
| 035 |
|
|
|a CL0599303
|
| 040 |
|
|
|a SNKBUCL
|b slo
|c SNKBUCL
|e AACR2
|
| 041 |
0 |
|
|a slo
|
| 044 |
|
|
|a xo
|c SK
|
| 080 |
|
|
|a 801.54:808.54-31
|2 1981
|
| 080 |
|
|
|a 808.54-31
|2 1981
|
| 080 |
|
|
|a 808.54-54
|2 1981
|
| 080 |
|
|
|a 801.31
|2 1981
|
| 100 |
1 |
|
|a Stanko, Jozef
|4 aut
|9 363072
|
| 245 |
1 |
0 |
|a Margita a Besná
|c Jozef Stanko
|
| 650 |
0 |
7 |
|a slovenčina
|2 snkbucl
|9 1350
|
| 650 |
0 |
7 |
|a lexikológia
|2 snkbucl
|9 866
|
| 655 |
|
7 |
|a články z novín a časopisov
|2 snkbucl
|9 267496
|
| 773 |
0 |
|
|t Literárny týždenník
|g Roč. 9, č. 34-35 (1996), s. 25
|x 0862-5999
|
| 850 |
|
|
|a Slovenská národná knižnica v Martine
|a MTA001
|
| 852 |
|
|
|a SNK
|b KIS3GCP
|
| 958 |
|
|
|a RK
|
| 958 |
|
|
|a SK
|
| 999 |
|
|
|c 2138481
|d 2140411
|